| 000 | 00655nas a2200229 i 4500 | ||
|---|---|---|---|
| 001 | 178525 | ||
| 003 | ES-MaACL | ||
| 005 | 20250801034209.0 | ||
| 008 | 110606 19641967sp z| f| ||at d | ||
| 022 | _a0214-7769 | ||
| 080 | _a27 | ||
| 245 | 0 | 0 | _aQüestions de vida cristiana. |
| 260 |
_a[Barcelona] : _bEstela, _c1964-1967. |
||
| 300 |
_a11 v. ; _c21 cm. |
||
| 310 | _a5 vols. al año | ||
| 362 | 0 | _a1958-2000. | |
| 546 | _aTexto en catalán. | ||
| 650 | 0 | 7 |
_aCristianismo _2embne _911425 |
| 852 |
_aES-MaACL _jE-15281-91 _xOlim P-1107 |
||
| 866 | 0 | _o24 (1964), 25-28 (1965), 31-34 (1966), 35 (1967), 37-38 (1967) | |
| 999 |
_c178525 _d178525 |
||